Shareholder Value and the Common Good (Record no. 711)

MARC details
000 -LEADER
fixed length control field 01054cam a22003014a 4500
001 - CONTROL NUMBER
control field 13979803
003 - CONTROL NUMBER IDENTIFIER
control field OSt
005 - DATE AND TIME OF LATEST TRANSACTION
control field 20230606150649.0
008 - FIXED-LENGTH DATA ELEMENTS--GENERAL INFORMATION
fixed length control field 050524s2004 ke a b 000 0 eng
010 ## - LIBRARY OF CONGRESS CONTROL NUMBER
LC control number 2005328388
020 ## - INTERNATIONAL STANDARD BOOK NUMBER
International Standard Book Number 9966760008
040 ## - CATALOGING SOURCE
Original cataloging agency DLC
Transcribing agency DLC
Modifying agency DLC
042 ## - AUTHENTICATION CODE
Authentication code lcode
043 ## - GEOGRAPHIC AREA CODE
Geographic area code fb-----
050 00 - LIBRARY OF CONGRESS CALL NUMBER
Classification number HD70.A347
Item number S53 2004
082 ## - DEWEY DECIMAL CLASSIFICATION NUMBER
Classification number 658.11
Item number LUT
245 00 - TITLE STATEMENT
Title Shareholder Value and the Common Good
Remainder of title Essays on the Objectives and Purposes of Business Management
Statement of responsibility, etc. edited by David Lutz and Paul Mimbi.
260 ## - PUBLICATION, DISTRIBUTION, ETC. (IMPRINT)
Place of publication, distribution, etc. Nairobi :
Name of publisher, distributor, etc. Strathmore University Press and the Konrad Adenauer Foundation,
Date of publication, distribution, etc. 2004.
300 ## - PHYSICAL DESCRIPTION
Extent ix, 410 p. :
Other physical details ill. ;
Dimensions 21 cm.
504 ## - BIBLIOGRAPHY, ETC. NOTE
Bibliography, etc Includes bibliographical references.
650 #0 - SUBJECT ADDED ENTRY--TOPICAL TERM
Topical term or geographic name as entry element Management
Geographic subdivision Africa, Sub-Saharan.
700 1# - ADDED ENTRY--PERSONAL NAME
Personal name Lutz, David.
700 1# - ADDED ENTRY--PERSONAL NAME
Personal name Mimbi, Paul.
856 41 - ELECTRONIC LOCATION AND ACCESS
Materials specified Table of contents only
Uniform Resource Identifier <a href="http://www.loc.gov/catdir/toc/fy0709/2005328388.html">http://www.loc.gov/catdir/toc/fy0709/2005328388.html</a>
906 ## - LOCAL DATA ELEMENT F, LDF (RLIN)
a 7
b cbc
c origode
d 3
e ncip
f 20
g y-gencatlg
942 ## - ADDED ENTRY ELEMENTS (KOHA)
Source of classification or shelving scheme Dewey Decimal Classification
Koha item type Books
Holdings
Withdrawn status Lost status Source of classification or shelving scheme Damaged status Not for loan Home library Current library Date acquired Total Checkouts Full call number Barcode Date last seen Price effective from Koha item type
    Dewey Decimal Classification     Bunge Tower Library Bunge Tower Library 06/06/2023   658.11 LUT 10015515 06/06/2023 06/06/2023 Books
LIBRARY OPENING HOURS

When the Parliament is sitting: 8.00a.m - 7.00p.m or until the house adjourns
Mondays and Fridays and when the House is on Recess:  8.00a.m - 5.00p.m
Closed on Weekends and Public Holidays

Online Public Access Catalog (OPAC)
Website: http://www.parliament.go.ke
Bunge Library: https://libraryir.parliament.go.ke
Contact: library@parliament.go.ke | Tel no: (254-2)2221291 or 2848000 Ext 5043